000 00377nam a22001697a 4500
003 MPLRDC
005 20220104163224.0
008 210129b ||||| |||| 00| 0 eng d
082 _a494.07 HIC
100 _aHERBERT G. HICKS
245 _aMANAGEMENT
_c
250 _a第五版
260 _a
_bMCGRAW-HILL
_c1984
300 _b
650 _a
942 _cBK
_o494.07 HIC
999 _c56351
_d56341